1114 1068 1995 1293 1066 1089 1361 1545 1975 1978 1475 1037 1819 1043 1304 1907 1312 1579 1165 1383 1196 1159 1349 1842 1818 1597 1863 1821 1444 1856 1960 1166 1736 1579 1619 1132 1434 1371 1996 1107 1031 1107 1339 1575 1793 1531 1191 1024 1443 1828 1564 1876 1252 1783 1460 1061 1594 1386 1096 1716 1392 1642 1945 1511 1269 1450 1299 1832 1574 1799 1504 1526 1029 1031 1874 1015 1995 1849 1324 1327 1699 1426 1103 1548 1872 1711 1208 1473 1148 1363 1251 1288 1037 1185 1497 1955 1289 1193 1638 BCNSPRNW ULIB Ver.6.0+V

เปลี่ยนเป็นภาษาไทย

Change to English
 แสดงรายละเอียดบรรณานุกรม
  กลับหน้าหลัก

Brief Record : Get Marc (ISO 2709) : E-mail record : QR code < ปิดหน้าต่าง
LEADER : 00000nam 2200000uu 4500
001    13399124431
003     ULIB
008    150713s2556||||th 000 0 tha d
020    ^a9789744226945
060 04 ^aQZ200^bผ931
245 00 ^aแผนการป้องกันและควบคุมโรคมะเร็งแห่งชาติ (พ.ศ.2556-2560) /^cคณะกรรมการจัดทำแผนป้องกันและควบคุมโรคมะเร็งแห่งชาติ กรมการแพทย์ กระทรวงสาธารณสุข
260    ^aกรุงเทพฯ :^bสถาบันมะเร็งแห่งชาติ,^c2556
300    ^a134 หน้า :^bภาพประกอบ
650  2 ^aNeoplasms^xprevention & control
650  4 ^aเนื้องอก^xการป้องกันและควบคุม
650  4 ^aมะเร็ง^xการป้องกันและควบคุม^zไทย
710 2  ^aคณะกรรมการจัดทำแผนป้องกันและควบคุมโรคมะเร็งแห่งชาติ
710 2  ^aสถาบันมะเร็งแห่งชาติ
945    ^p0^l0^i039537
999    ^aเกษร โพธิ์สุวรรณ
รายการนี้ยังไม่มีแท็ก
คุณยังไม่ได้ล็อกอิน คุณสามารถมีกิจกรรมร่วมกับเว็บไซต์ได้ แต่ต้องล็อกอินก่อน ::
  ล็อกอิน

รายการสื่อสารสนเทศ

ลำดับที่ ประเภท เลขเรียก/บาร์โค้ด สถานที่ สถานะ
1. วิทยาศาสตร์การแพทย์ และสุขภาพ
หนังสือสำรอง
สถานะ=หนังสือสำรอง
QZ200 ผ931 ฉ.1 
  Barcode: 039537
ห้องสมุดวิทยาเขตสวรรค์ประชารักษ์
►ส่วนจัดเก็บหนังสือเก่า สปร
บนชั้น
  ขอยืม

BibComment


ยังไม่เคยถูกคอมเมนท์

คอมเมนท์ทรัพยากรรายการนี้
  คอมเมนท์: แผนการป้องกันและ..


 Copyright 2026. Bcnsprnw @Library